000 00435nam a2200181Ia 4500
001 16393
005 20260306170306.0
008 260306t2006||||xx |||||||||||||| ||und||
041 _aESP
082 _a348.55
_bP59
100 _aPinochet Cantwell, Francisco José
_eAUT
245 0 _aEl derecho de internet
260 _c2006
300 _a539 páginas :
_c23 cm.
650 _aGEN
654 _aCDE
942 _cLIB
_dJUS
_fJUS
_2ddc
_n
999 _c16393
_d16393